000 00342nam a22001457a 4500
999 _c10839
_d10839
003 OSt
008 210814b ||||| |||| 00| 0 eng d
082 _a658.472 PRB
100 _aPRAJAPATI,Vignesh
245 _aBig Data Analytics with R and Hadoop
260 _aMumbai
_bPacket
_c2013
300 _a219
650 _aIT
942 _2ddc
_cBK
_02